Zahraničnoobchodné vzťahy EÚ a Singapuru bakalárska práca

Gespeichert in:
Bibliographische Detailangaben
1. Verfasser: Straňáková, Nina
Körperschaft: Obchodná fakulta EU. Katedra medzinárodného obchodu
Weitere Verfasser: Družbacká, Barbora, 1995-
Format: Buch
Sprache:Slowakisch
Veröffentlicht: Bratislava 2022
Tags: Tag hinzufügen
Keine Tags, Fügen Sie das erste Tag hinzu!

MARC

LEADER 00000nbm a2200000 4500
001 0285739
005 20221201133920.3
041 0 |a slo 
044 |a SK 
245 1 0 |a Zahraničnoobchodné vzťahy EÚ a Singapuru  |b bakalárska práca  |c Nina Straňáková ; školiteľ: Barbora Družbacká 
264 1 |a Bratislava  |c 2022 
300 |a 54 s. 
100 1 |a Straňáková, Nina 
700 1 |a Družbacká, Barbora, 1995- 
710 2 |a Obchodná fakulta EU. Katedra medzinárodného obchodu